000 00843nam a22002537a 4500
999 _c1408
_d1408
003 AR-CdUCM
008 190227b ||||| |||| 00| 0 spa d
020 _a8482801775
040 _aMUNICIPALIDAD PROVINCIAL DEL CUSCO
_cBIBLIOTECA MUNICIPAL DEL CUSCO
082 _a869.56 /
_bG65
100 _aDe Gongora, Luis
_95353
245 _aAntología Poética /
_cDe Gongora, Luis
260 _aColombia :
_bLa Oveja Negra,
_c1984.
300 _a222 paginas ;
_c15cm.
500 _aHistoria Universal de la Lectura
505 _aSonetos -- Canciones -- Letrillas -- Romances -- FAbula de Polifemo...
650 _aEnsayos gongorinos
_95354
650 _aLiteratura
_983
650 _aAntologia y enayos poeticos
_95355
650 _aPoesias
_92556
700 _aSuárez Miramón, Ana
_95356
942 _2ddc
_cLIBROS
945 _apjha
_d2019-02-27